[Event "Hastings Chess Congress"]
[Site "Hastings ENG"]
[Date "2005.12.31"]
[EventDate "2005.12.28"]
[Round "4"]
[Result "1-0"]
[White "Simon T Ansell"]
[Black "G Pafura"]
[WhiteElo "2383"]
[BlackElo "2105"]
[PlyCount "121"]

1. e4 c6 2. d4 d5 3. e5 Bf5 4. Nf3 e6 5. Be2 c5 6. O-O Nc6
7. Be3 Qb6 8. Nc3 c4 9. b3 Qa5 10. Bd2 Bb4 11. Qe1 b5 12. a3
Bxc3 13. Bxc3 Qb6 14. Qd2 Nge7 15. Rfb1 Qd8 16. bxc4 bxc4
17. Nh4 O-O 18. Nxf5 Nxf5 19. Bb4 Nxb4 20. axb4 Qb6 21. c3 f6
22. f4 fxe5 23. fxe5 Rf7 24. Bh5 g6 25. Bg4 Raf8 26. g3 Kg7
27. Bh3 h6 28. Rf1 Kh7 29. Rf4 Kg7 30. Raf1 Qd8 31. Qa2 Qb6
32. g4 g5 33. gxf5 gxf4 34. f6+ Rxf6 35. exf6+ Rxf6 36. Qe2
Kf7 37. Qe5 Qa6 38. Rxf4 Qa1+ 39. Bf1 Rxf4 40. Qxf4+ Ke7
41. Qg3 Kd7 42. Kf2 a5 43. bxa5 Qxa5 44. Be2 Qa3 45. Qe3 Qf8+
46. Kg2 Qg7+ 47. Kh1 Qg6 48. h3 h5 49. Qf3 h4 50. Qe3 Qf6
51. Bg4 Kd6 52. Kg2 e5 53. Qf2 Qg7 54. dxe5+ Qxe5 55. Qb6+ Ke7
56. Qa7+ Kf8 57. Qd4 Qg3+ 58. Kf1 Ke7 59. Ke2 Kd6 60. Qb6+ Ke7
61. Qe3+ 1-0

[Event "Hastings Chess Congress"]
[Site "Hastings ENG"]
[Date "2005.12.31"]
[EventDate "2005.12.28"]
[Round "4"]
[Result "0-1"]
[White "Snorri Bergsson"]
[Black "Mark Hebden"]
[WhiteElo "2266"]
[BlackElo "2514"]
[PlyCount "148"]

1. d4 Nf6 2. c4 g6 3. Nc3 Bg7 4. e4 d6 5. Be2 O-O 6. Nf3 e5
7. O-O Nc6 8. d5 Ne7 9. Ne1 Nd7 10. Be3 f5 11. f3 f4 12. Bf2
g5 13. a4 a6 14. a5 Rf6 15. Nd3 Rh6 16. Be1 Kh8 17. Nf2 Ng8
18. Na4 Qe8 19. Rc1 Bf8 20. Bb4 b6 21. Ba3 Nc5 22. Nxc5 bxc5
23. b4 Nf6 24. Qd3 Rg6 25. bxc5 dxc5 26. Bb2 Bd6 27. Qc3 Rb8
28. Ba1 Rg7 29. Rb1 Ra8 30. Rb3 Bd7 31. Rfb1 Re7 32. Kf1 Kg7
33. Ke1 Qh5 34. h3 Qh4 35. Rb8 Rxb8 36. Rxb8 Nh5 37. Bf1 Qg3
38. Ke2 Qh2 39. Qe1 Qg1 40. Rb1 Ng3+ 41. Kd2 c6 42. Ng4 cxd5
43. cxd5 c4 44. Qf2 Qxf2+ 45. Nxf2 Bb5 46. Bc3 Bc5 47. Ke1 h5
48. Be2 Kf6 49. Bd1 Bd4 50. Bb4 Rc7 51. Bc2 c3 52. Nd3 g4
53. Bd6 Rg7 54. Rxb5 axb5 55. Bc5 Bxc5 56. Nxc5 gxh3 57. gxh3
Rc7 58. Nb3 Rc4 59. Bd3 Ra4 60. Kd1 b4 61. d6 Ra3 62. Bc4 Nf1
63. d7 Ke7 64. Be6 Ne3+ 65. Ke2 Rxb3 66. Bxb3 Kxd7 67. h4 Kc6
68. Ba4+ Kc5 69. Kd3 Nc4 70. Be8 Nxa5 71. Bxh5 Nc6 72. Bg4 Nd4
73. h5 c2 74. Kd2 b3 0-1

[Event "Hastings Chess Congress"]
[Site "Hastings ENG"]
[Date "2005.12.31"]
[EventDate "2005.12.28"]
[Round "4"]
[Result "1-0"]
[White "Valery Neverov"]
[Black "Stefan Kristjansson"]
[WhiteElo "2569"]
[BlackElo "2467"]
[PlyCount "85"]

1. Nf3 Nf6 2. c4 g6 3. g3 Bg7 4. Bg2 d5 5. cxd5 Nxd5 6. Nc3
O-O 7. O-O c5 8. Nxd5 Qxd5 9. d3 Nc6 10. Be3 Bxb2 11. Rb1 Bf6
12. Qa4 Nb4 13. Nd2 Bd7 14. Bxd5 Bxa4 15. Bxb7 Rab8 16. Bxc5
Rxb7 17. Rxb4 Rxb4 18. Bxb4 Rc8 19. Nc4 Bd7 20. Rc1 e5 21. f3
Be6 22. Kf2 Bd8 23. Bd2 Bb6+ 24. Be3 Bd4 25. f4 f6 26. fxe5
fxe5 27. Bxd4 exd4 28. Kf3 Rf8+ 29. Ke4 Rf2 30. Rc2 Rxh2
31. Kxd4 Rg2 32. Ne5 Rxg3 33. e4 h5 34. Rc6 h4 35. Rxe6 h3
36. Re8+ Kg7 37. Re7+ Kh6 38. Nf7+ Kh5 39. Re8 Rg2 40. Rh8+
Kg4 41. e5 h2 42. e6 Re2 43. Rxh2 1-0

[Event "Hastings Chess Congress"]
[Site "Hastings ENG"]
[Date "2005.12.31"]
[EventDate "2005.12.28"]
[Round "4"]
[Result "1/2-1/2"]
[White "Piotr Bobras"]
[Black "Willy Hendriks"]
[WhiteElo "2563"]
[BlackElo "2402"]
[PlyCount "86"]

1. e4 d6 2. d4 Nf6 3. Nc3 g6 4. f4 Bg7 5. Nf3 O-O 6. Bd3 Na6
7. O-O c5 8. d5 Bg4 9. Kh1 Nd7 10. a3 Nc7 11. Qe1 a6 12. a4
Rb8 13. Nd2 Nf6 14. a5 Bd7 15. Nc4 Bb5 16. Bd2 Nd7 17. Qg3
Bxc4 18. Bxc4 b5 19. axb6 Nxb6 20. b3 Nb5 21. Rxa6 Nd4 22. Bd3
Qc8 23. Ra7 c4 24. bxc4 Nxc4 25. Be1 Re8 26. h3 Qc5 27. Ra4
Nb2 28. Ra2 Rec8 29. Rxb2 Rxb2 30. Na4 Qa3 31. Nxb2 Qxb2
32. c3 Nb3 33. e5 Nc5 34. exd6 exd6 35. f5 Be5 36. Qf3 Rc7
37. h4 Nxd3 38. Qxd3 Bxc3 39. Bxc3 Qxc3 40. Qxc3 Rxc3 41. fxg6
hxg6 42. Rf6 Kf8 43. Rxd6 Rd3 1/2-1/2

[Event "Hastings Chess Congress"]
[Site "Hastings ENG"]
[Date "2005.12.31"]
[EventDate "2005.12.28"]
[Round "4"]
[Result "0-1"]
[White "Michael F G Duggan"]
[Black "Robert Eames"]
[WhiteElo "2082"]
[BlackElo "2320"]
[PlyCount "80"]

1. e4 c5 2. Nf3 d6 3. d4 cxd4 4. Nxd4 Nf6 5. Nc3 a6 6. Be2 e5
7. Nb3 Be7 8. Bg5 Nbd7 9. a4 O-O 10. Qd3 b6 11. O-O Bb7
12. Rfd1 Rc8 13. f3 Qc7 14. Rac1 Rfd8 15. Qe3 h6 16. Bh4 Ng4
17. fxg4 Bxh4 18. Qf3 Bg5 19. Nd2 Nf6 20. h4 Bxh4 21. Nc4 Bg5
22. Rb1 b5 23. axb5 axb5 24. Nxb5 Qc5+ 25. Qf2 Qxf2+ 26. Kxf2
Nxe4+ 27. Kg1 Ng3 28. Bd3 e4 29. Ncxd6 exd3 30. Rxd3 Ne2+
31. Kf1 Rxc2 32. b4 Nc1 33. Ra3 Bxg2+ 34. Ke1 Re2+ 35. Kd1
Rd2+ 36. Ke1 Re2+ 37. Kd1 Rd2+ 38. Kxc1 R2xd6+ 39. Kb2 Rd2+
40. Kc3 Rc8+ 0-1

[Event "Hastings Chess Congress"]
[Site "Hastings ENG"]
[Date "2005.12.31"]
[EventDate "2005.12.28"]
[Round "4"]
[Result "1/2-1/2"]
[White "David Ledger"]
[Black "John N Sugden"]
[WhiteElo "2278"]
[BlackElo "2160"]
[PlyCount "61"]

1. e4 c5 2. Nc3 Nc6 3. g3 g6 4. d3 Bg7 5. Be3 d6 6. Qd2 e5
7. Bg2 Nge7 8. f4 O-O 9. Nf3 Nd4 10. O-O Bg4 11. Nh4 Qd7
12. Rf2 Bh3 13. Bh1 Rad8 14. Rb1 f6 15. fxe5 fxe5 16. Nd5 Nxd5
17. exd5 Rxf2 18. Qxf2 Rf8 19. Qd2 Qg4 20. Be4 Bf6 21. Bxd4
exd4 22. Nf3 Bd8 23. Qe2 Bg5 24. b4 Be3+ 25. Kh1 b6 26. bxc5
bxc5 27. c4 Qd7 28. Qb2 Qg4 29. Qe2 Qd7 30. Qb2 Qg4 31. Qe2
1/2-1/2

[Event "Hastings Chess Congress"]
[Site "Hastings ENG"]
[Date "2005.12.31"]
[EventDate "2005.12.28"]
[Round "4"]
[Result "1-0"]
[White "Gudmundur Kjartansson"]
[Black "Thomas T W Pym"]
[WhiteElo "2257"]
[BlackElo "2100"]
[PlyCount "71"]

1. e4 c5 2. Nf3 d6 3. d4 cxd4 4. Nxd4 Nf6 5. Nc3 g6 6. Be3 Bg7
7. f3 O-O 8. Qd2 Nc6 9. O-O-O d5 10. exd5 Nxd5 11. Nxc6 bxc6
12. Bd4 e5 13. Bc5 Be6 14. Ne4 Rb8 15. Bc4 Re8 16. Bxa7 f5
17. Ng5 e4 18. Bb3 Rxb3 19. cxb3 Bh6 20. h4 Qa8 21. Qa5 Bf7
22. fxe4 Rxe4 23. Kb1 Re7 24. Bb6 Nxb6 25. Qxb6 Bd5 26. Rhe1
Rd7 27. Qe3 Be4+ 28. Ka1 Re7 29. Qb6 Re8 30. Nxe4 fxe4 31. Rd7
Bg7 32. Qc5 Qb8 33. Qc4+ Kh8 34. Rxe4 Rf8 35. a4 Rf2 36. Rxg7
1-0

[Event "Hastings Chess Congress"]
[Site "Hastings ENG"]
[Date "2005.12.31"]
[EventDate "2005.12.28"]
[Round "4"]
[Result "1-0"]
[White "Vladimir Belov"]
[Black "Wolfram Schoen"]
[WhiteElo "2620"]
[BlackElo "2415"]
[PlyCount "67"]

1. d4 d6 2. e4 e5 3. Nf3 Nc6 4. Bb5 Bd7 5. O-O Nf6 6. Nc3 Be7
7. Re1 exd4 8. Nxd4 O-O 9. Bf1 Re8 10. h3 h6 11. Bf4 Ne5
12. Bh2 Ng6 13. f4 Nh7 14. Bc4 c6 15. a4 Bh4 16. Rf1 Bf6
17. Kh1 Qb6 18. Nde2 Rad8 19. Qd3 Nhf8 20. a5 Qc5 21. Bg1 Qh5
22. Bb3 d5 23. e5 Be7 24. Bxa7 c5 25. Nxd5 Bc6 26. Ng3 Nxf4
27. Nxf4 Qxe5 28. Bxf7+ Kh8 29. Qf5 Bxg2+ 30. Kxg2 Rd2+
31. Rf2 Rxf2+ 32. Kxf2 Qd4+ 33. Kg2 Rd8 34. Rf1 1-0

[Event "Hastings Chess Congress"]
[Site "Hastings ENG"]
[Date "2005.12.31"]
[EventDate "2005.12.28"]
[Round "4"]
[Result "0-1"]
[White "James S Macrae"]
[Black "Claus Norregaard"]
[WhiteElo "1790"]
[BlackElo "2205"]
[PlyCount "46"]

1. d4 Nf6 2. Nf3 e6 3. Bg5 Be7 4. e3 b6 5. Bd3 Bb7 6. Nbd2 d5
7. Ne5 Nfd7 8. Bxe7 Qxe7 9. Ndf3 f6 10. Nxd7 Nxd7 11. c3 e5
12. dxe5 fxe5 13. Bc2 e4 14. Nd4 O-O 15. Qg4 Rf6 16. Ba4 Ne5
17. Qe2 Nd3+ 18. Kf1 Rxf2+ 19. Qxf2 Nxf2 20. Kxf2 Rf8+ 21. Ke2
c5 22. Nb5 a6 23. Na3 Qg5 0-1

[Event "Hastings Chess Congress"]
[Site "Hastings ENG"]
[Date "2005.12.31"]
[EventDate "2005.12.28"]
[Round "4"]
[Result "1-0"]
[White "Milos Pavlovic"]
[Black "Vincent Colin"]
[WhiteElo "2507"]
[BlackElo "2375"]
[PlyCount "49"]

1. e4 c5 2. Nf3 g6 3. d4 cxd4 4. Nxd4 Bg7 5. Nc3 Nc6 6. Nde2
Nf6 7. g3 b5 8. Bg2 b4 9. Nd5 O-O 10. a3 Rb8 11. axb4 Nxb4
12. Rxa7 Nbxd5 13. exd5 Ng4 14. Ra4 Bxb2 15. Rxg4 Bxc1
16. Nxc1 Ba6 17. Ra4 Qc8 18. Nd3 Qc3+ 19. Qd2 Rb1+ 20. Ke2
Qe5+ 21. Qe3 Bxd3+ 22. Kxd3 Qb2 23. Rxb1 Qxb1 24. Kd2 Rc8
25. Be4 1-0

[Event "Hastings Chess Congress"]
[Site "Hastings ENG"]
[Date "2006.01.01"]
[EventDate "2005.12.28"]
[Round "5"]
[Result "1-0"]
[White "Sergey Erenburg"]
[Black "David Ledger"]
[WhiteElo "2582"]
[BlackElo "2278"]
[PlyCount "53"]

1. e4 e5 2. Nf3 Nc6 3. Bb5 Nf6 4. O-O Bc5 5. Nxe5 Nxe5 6. d4
a6 7. Be2 Nxe4 8. dxc5 Nxc5 9. b4 Ne6 10. f4 Nc6 11. Bb2 f6
12. Bh5+ Kf8 13. f5 Ng5 14. Re1 Ne7 15. Nc3 c6 16. h4 Nf7
17. Bxf7 Kxf7 18. Qh5+ g6 19. fxg6+ hxg6 20. Rxe7+ Kxe7
21. Qxg6 Qb6+ 22. Kf1 Rf8 23. Qg7+ Rf7 24. Re1+ Kd8 25. Qxf7
Qxb4 26. Qxf6+ Kc7 27. Re4 1-0

[Event "Hastings Chess Congress"]
[Site "Hastings ENG"]
[Date "2006.01.01"]
[EventDate "2005.12.28"]
[Round "5"]
[Result "1/2-1/2"]
[White "Bogdan Lalic"]
[Black "Vladimir Belov"]
[WhiteElo "2490"]
[BlackElo "2620"]
[PlyCount "41"]

1. d4 d5 2. c4 c6 3. Nf3 Nf6 4. e3 Bf5 5. Nc3 e6 6. Nh4 Bg6
7. Qb3 Qb6 8. Nxg6 hxg6 9. Bd2 Nbd7 10. g3 Be7 11. Bg2 Rc8
12. c5 Qc7 13. O-O b6 14. cxb6 Nxb6 15. e4 Nxe4 16. Nxe4 dxe4
17. Bxe4 Qd7 18. Be3 Nd5 19. Rac1 Bf6 20. Rc4 O-O 21. Rfc1
1/2-1/2

[Event "Hastings Chess Congress"]
[Site "Hastings ENG"]
[Date "2006.01.01"]
[EventDate "2005.12.28"]
[Round "5"]
[Result "1-0"]
[White "Willy Hendriks"]
[Black "Timothy Spanton"]
[WhiteElo "2402"]
[BlackElo "2018"]
[PlyCount "45"]

1. e4 e5 2. Bc4 Nf6 3. d3 c6 4. Nf3 d5 5. Bb3 Bb4+ 6. Bd2
Bxd2+ 7. Qxd2 dxe4 8. Nxe5 O-O 9. dxe4 Qe7 10. Qf4 Nh5
11. Bxf7+ Rxf7 12. Qxf7+ Qxf7 13. Nxf7 Kxf7 14. Nd2 Be6 15. f4
g6 16. O-O Nf6 17. f5 gxf5 18. exf5 Bd5 19. c4 Be4 20. Rf4 Bd3
21. Rd4 Bxf5 22. Rf1 Bg6 23. Rd6 1-0

[Event "Hastings Chess Congress"]
[Site "Hastings ENG"]
[Date "2006.01.01"]
[EventDate "2005.12.28"]
[Round "5"]
[Result "1/2-1/2"]
[White "Jack Rudd"]
[Black "Piotr Bobras"]
[WhiteElo "2281"]
[BlackElo "2563"]
[PlyCount "160"]

1. e4 e5 2. Nf3 Nc6 3. Bb5 a6 4. Ba4 Nf6 5. O-O Nxe4 6. d4 b5
7. Bb3 d5 8. dxe5 Be6 9. c3 Bc5 10. Nbd2 O-O 11. Bc2 f5
12. exf6 Nxf6 13. Nb3 Bd6 14. Ng5 Qd7 15. Be3 Bf5 16. Nc5 Bxc5
17. Bxc5 Rfe8 18. a4 Bxc2 19. Qxc2 Qg4 20. Nf3 Qc4 21. Be3 b4
22. Nd2 Qg4 23. cxb4 Nxb4 24. Qxc7 Rac8 25. Qb6 Nc2 26. Rac1
Qxa4 27. Bg5 Nd7 28. Qd6 Qc6 29. Qxc6 Rxc6 30. Nf3 Ne5 31. Ne1
Nb4 32. Rd1 Nc4 33. b3 Nb2 34. Rd2 Rc1 35. Rxb2 Rcxe1 36. Bd2
R1e2 37. Bc3 Rxb2 38. Bxb2 Nd3 39. Bd4 Re4 40. Ba7 Rb4 41. g3
a5 42. Ra1 Rb5 43. Bd4 Kf7 44. Kf1 Rb4 45. Ra4 Nc1 46. Rxb4
axb4 47. Bc5 Nxb3 48. Bxb4 Ke6 49. Ke2 d4 50. Kd3 Kd5 51. f4
Nc1+ 52. Kd2 Nb3+ 53. Kd3 Nc1+ 54. Kd2 Na2 55. Bf8 g6 56. Kd3
Nc1+ 57. Kd2 Nb3+ 58. Kd3 Nc1+ 59. Kd2 Nb3+ 60. Kd3 Na5
61. Bg7 Nc6 62. Bf8 Nd8 63. Ba3 Ne6 64. Be7 h5 65. Ba3 h4
66. Bb4 h3 67. Be7 Ng7 68. Bf6 Ne6 69. Be7 Ng7 70. Bf6 Nh5
71. Bxd4 Nxg3 72. Bg1 Nf5 73. Bf2 Nh6 74. Be3 Nf5 75. Bf2 Nd6
76. Ke3 Ke6 77. Kf3 Kf5 78. Ba7 Ne4 79. Bb8 Nc5 80. Kg3 Ne6
1/2-1/2

[Event "Hastings Chess Congress"]
[Site "Hastings ENG"]
[Date "2006.01.01"]
[EventDate "2005.12.28"]
[Round "5"]
[Result "1-0"]
[White "Mark Hebden"]
[Black "Watu Kobese"]
[WhiteElo "2514"]
[BlackElo "2400"]
[PlyCount "115"]

1. d4 Nf6 2. Nf3 e6 3. c3 b6 4. Bg5 Bb7 5. Nbd2 Be7 6. e3 d6
7. Bd3 h6 8. Bxf6 Bxf6 9. Qe2 c5 10. Bb5+ Nc6 11. dxc5 bxc5
12. e4 O-O 13. O-O Qc7 14. Rfe1 Rab8 15. Bd3 g6 16. h4 Bg7
17. h5 g5 18. Nc4 Ne7 19. Rad1 Rbe8 20. e5 Bxf3 21. Qxf3 dxe5
22. Nxe5 Bxe5 23. Qe4 Bh2+ 24. Kh1 Nf5 25. g4 Ng3+ 26. fxg3 f5
27. gxf5 Bxg3 28. Bb5 Bxe1 29. Bxe8 Rxe8 30. fxe6 Qh7 31. Rxe1
Qxe4+ 32. Rxe4 Kg7 33. Re5 Kf6 34. Rxc5 Rxe6 35. Ra5 Re1+
36. Kg2 Re2+ 37. Kg3 Rxb2 38. Rxa7 Rc2 39. Rh7 Rd2 40. Kg4
Rg2+ 41. Kf3 Rh2 42. Rxh6+ Kf5 43. Kg3 Rd2 44. Rc6 Rd3+
45. Kf2 g4 46. h6 Rh3 47. c4 Kf4 48. Rf6+ Ke5 49. Rg6 Kd4
50. Rxg4+ Kc5 51. Rg6 Kxc4 52. Kg2 Rh5 53. Kf3 Kd5 54. Kf4 Rh1
55. Ra6 Rh2 56. Kf5 Rh1 57. Kg6 Ke5 58. h7 1-0

[Event "Hastings Chess Congress"]
[Site "Hastings ENG"]
[Date "2006.01.01"]
[EventDate "2005.12.28"]
[Round "5"]
[Result "1/2-1/2"]
[White "Stephen Gordon"]
[Black "Dag Madsen"]
[WhiteElo "2411"]
[BlackElo "2301"]
[PlyCount "195"]

1. d4 d5 2. Nf3 Nf6 3. c4 c6 4. e3 Bf5 5. Bd3 Bxd3 6. Qxd3 e6
7. Nc3 Nbd7 8. O-O Be7 9. e4 dxe4 10. Nxe4 Nxe4 11. Qxe4 O-O
12. Rd1 Nf6 13. Qe2 Re8 14. Bf4 Qa5 15. Be5 Rad8 16. a3 b5
17. Rac1 Rc8 18. Rd3 bxc4 19. Rdc3 Qd5 20. Rxc4 Nd7 21. R4c3
c5 22. b4 Nxe5 23. dxe5 Red8 24. h4 Rc7 25. Qa6 Rdc8 26. Rc4
h6 27. Qa5 Bf8 28. a4 g6 29. h5 g5 30. b5 Bg7 31. Qc3 Rd8
32. a5 Qd3 33. Qxd3 Rxd3 34. b6 axb6 35. axb6 Rb7 36. Rb1 Rd5
37. Ra4 Rd8 38. Ra7 Rdb8 39. Rxb7 Rxb7 40. Nd2 Bxe5 41. Nc4
Bb8 42. Rb5 Rd7 43. g3 Rd5 44. Ra5 Kg7 45. Ra8 Rd4 46. Na5 Bd6
47. Rd8 Ra4 48. Nc6 Ra1+ 49. Kg2 Rb1 50. Rxd6 Rxb6 51. Kf3 Kf6
52. g4 Ra6 53. Ke3 Rb6 54. Kd3 Rb2 55. Rd7 Rxf2 56. Nd8 Rg2
57. Nxf7 Rg3+ 58. Kd2 Rxg4 59. Nxh6 Rh4 60. Ng8+ Ke5 61. h6 g4
62. Rg7 Kf4 63. h7 g3 64. Ne7 Rh2+ 65. Kd3 c4+ 66. Kxc4 g2
67. Ng6+ Ke3 68. Ne5 Rxh7 69. Rxg2 Rc7+ 70. Kb5 Ke4 71. Re2+
Kd5 72. Nc6 Rb7+ 73. Ka6 Rb1 74. Ne7+ Kd6 75. Nc8+ Kc7
76. Rc2+ Kd7 77. Nb6+ Ke7 78. Kb7 e5 79. Kc6 Ke6 80. Na4 e4
81. Nc5+ Kf5 82. Rf2+ Ke5 83. Re2 Rc1 84. Rxe4+ Kf5 85. Re2
Kf6 86. Kd5 Rd1+ 87. Ke4 Rc1 88. Rf2+ Ke7 89. Kd5 Rd1+ 90. Ke5
Re1+ 91. Ne4 Ra1 92. Rc2 Ra5+ 93. Nc5 Kf7 94. Rf2+ Kg6
95. Rg2+ Kf7 96. Rf2+ Kg6 97. Rg2+ Kf7 98. Rf2+ 1/2-1/2

[Event "Hastings Chess Congress"]
[Site "Hastings ENG"]
[Date "2006.01.01"]
[EventDate "2005.12.28"]
[Round "5"]
[Result "0-1"]
[White "Daniel McGowan"]
[Black "Yuri Kuzubov"]
[WhiteElo "2122"]
[BlackElo "2541"]
[PlyCount "112"]

1. e4 c5 2. c3 d5 3. exd5 Qxd5 4. d4 Nf6 5. Nf3 cxd4 6. cxd4
e6 7. Nc3 Bb4 8. Bd2 Bxc3 9. Bxc3 O-O 10. Bd3 b6 11. O-O Ba6
12. Bxa6 Nxa6 13. Qe2 Nb8 14. b3 Nc6 15. Rfd1 Rac8 16. Rac1
Rfd8 17. Bb2 Qf5 18. h3 Nd5 19. Ne5 Nxe5 20. Qxe5 Qg6 21. Qg3
Qf6 22. Qe5 Qe7 23. Rc4 h6 24. Rdc1 Ra8 25. R1c2 Qg5 26. Qxg5
hxg5 27. a3 f6 28. g3 Kf7 29. Re2 Rdc8 30. Rec2 Re8 31. Re2
Ke7 32. Kg2 Kd7 33. Rc1 Rac8 34. Rec2 Rxc2 35. Rxc2 a5 36. Kf3
Ra8 37. Rc4 Rh8 38. Kg2 Ne7 39. Bc3 Nc6 40. Bb2 Kd6 41. Ba1
Kd5 42. Bb2 f5 43. f4 gxf4 44. gxf4 Rh5 45. Rc2 g5 46. Rf2 g4
47. hxg4 fxg4 48. Kg3 Rh3+ 49. Kxg4 Rxb3 50. f5 exf5+ 51. Kxf5
Nxd4+ 52. Kf6 Nb5 53. a4 Nc3 54. Bxc3 Rxc3 55. Rb2 Kc5 56. Ra2
Re3 0-1

[Event "Hastings Chess Congress"]
[Site "Hastings ENG"]
[Date "2006.01.01"]
[EventDate "2005.12.28"]
[Round "5"]
[Result "1-0"]
[White "Erik Zude"]
[Black "Nicholas Tavoularis"]
[WhiteElo "2426"]
[BlackElo "2211"]
[PlyCount "51"]

1. d4 f5 2. Nc3 Nf6 3. Bg5 e6 4. e4 fxe4 5. Nxe4 Be7 6. Ng3 c5
7. Nf3 cxd4 8. Qxd4 Nc6 9. Qh4 Qa5+ 10. c3 Nd8 11. Nh5 O-O
12. Bd3 h6 13. O-O-O hxg5 14. Nxf6+ Bxf6 15. Qh5 Rf7 16. h4
Bxc3 17. hxg5 Kf8 18. bxc3 Qxc3+ 19. Bc2 Qa1+ 20. Kd2 Qxa2
21. g6 Rf5 22. Qh8+ Ke7 23. Qxg7+ Kd6 24. Ke3+ Rd5 25. Qe5+
Kc6 26. Be4 1-0

[Event "Hastings Chess Congress"]
[Site "Hastings ENG"]
[Date "2006.01.01"]
[EventDate "2005.12.28"]
[Round "5"]
[Result "1/2-1/2"]
[White "Li Wu"]
[Black "Wolfram Schoen"]
[WhiteElo "2287"]
[BlackElo "2415"]
[PlyCount "53"]

1. d4 Nf6 2. Bg5 d6 3. Bxf6 exf6 4. e3 c6 5. c4 Qb6 6. Qd2 f5
7. Nc3 Nd7 8. g3 Nf6 9. Bg2 g6 10. Nge2 Bg7 11. O-O O-O
12. Rab1 a5 13. b3 Re8 14. a3 Qa6 15. Qd3 Bd7 16. Rb2 Rab8
17. b4 axb4 18. axb4 d5 19. b5 Qa3 20. Ra2 dxc4 21. Qxc4 cxb5
22. Qd3 Qb3 23. Rb1 Qe6 24. Rab2 Ne4 25. Nxb5 Qa6 26. Nec3
Nxc3 27. Qxc3 1/2-1/2

[Event "Hastings Chess Congress"]
[Site "Hastings ENG"]
[Date "2006.01.01"]
[EventDate "2005.12.28"]
[Round "5"]
[Result "1/2-1/2"]
[White "Robert Eames"]
[Black "Matthew N Anderton"]
[WhiteElo "2320"]
[BlackElo "2205"]
[PlyCount "68"]

1. e4 e6 2. d4 d5 3. Nd2 Nf6 4. e5 Nfd7 5. Bd3 c5 6. c3 Nc6
7. Ngf3 cxd4 8. cxd4 f5 9. exf6 Nxf6 10. O-O Bd6 11. Nb3 O-O
12. Re1 a5 13. Bg5 Qb6 14. Ne5 Ne4 15. Bxe4 dxe4 16. Nc4 Qc7
17. Nxd6 Qxd6 18. Rxe4 Qd5 19. Rg4 e5 20. Rg3 exd4 21. Rc1 Bf5
22. h4 Rf7 23. Rc5 Qd6 24. Rc4 Be6 25. Rc2 Raf8 26. Rd2 h6
27. Be3 dxe3 28. Rxd6 exf2+ 29. Kf1 Bc4+ 30. Rdd3 Ne5 31. Nc1
Nxd3 32. Nxd3 Re8 33. b3 Ba6 34. Qd2 Re1+ 1/2-1/2

[Event "Hastings Chess Congress"]
[Site "Hastings ENG"]
[Date "2006.01.01"]
[EventDate "2005.12.28"]
[Round "5"]
[Result "1-0"]
[White "Colin A McNab"]
[Black "Alan Grant Kerr"]
[WhiteElo "2456"]
[BlackElo "2152"]
[PlyCount "57"]

1. c4 c5 2. Nf3 g6 3. g3 Bg7 4. Bg2 Nc6 5. Nc3 d6 6. a3 e5
7. Rb1 a5 8. d3 Nge7 9. Bg5 f6 10. Bd2 O-O 11. O-O Rb8 12. Ne1
Be6 13. Nc2 d5 14. b3 d4 15. Ne4 b6 16. b4 axb4 17. axb4 cxb4
18. Nxb4 Nxb4 19. Bxb4 Bf5 20. Nd6 Qd7 21. Nxf5 gxf5 22. Bh3
Rfe8 23. Bxe7 Rxe7 24. Rb5 Qe8 25. Bxf5 Qh5 26. e4 Qh6 27. Qb3
Qd2 28. c5+ Kh8 29. Rxb6 1-0

[Event "Hastings Chess Congress"]
[Site "Hastings ENG"]
[Date "2006.01.01"]
[EventDate "2005.12.28"]
[Round "5"]
[Result "0-1"]
[White "R Alan Barton"]
[Black "Andrew Greet"]
[WhiteElo "2154"]
[BlackElo "2428"]
[PlyCount "82"]

1. Nf3 Nf6 2. c4 e6 3. b3 c5 4. Bb2 d5 5. e3 Nc6 6. d3 d4
7. exd4 cxd4 8. Be2 Bc5 9. O-O O-O 10. Re1 e5 11. a3 a5
12. Nbd2 h6 13. h3 Re8 14. Qc2 Bf5 15. Nh2 Bh7 16. Bf3 Bf8
17. Rad1 Kh8 18. Nhf1 Qc7 19. Ng3 Rad8 20. Nge4 Nd7 21. g4 Ne7
22. Nf1 Ng6 23. Bc1 Nh4 24. Qe2 Re6 25. g5 f5 26. gxf6 gxf6
27. Bh5 f5 28. Neg3 Nf6 29. Bf3 Qg7 30. Kh2 e4 31. dxe4 fxe4
32. Bh1 Bc5 33. Ne3 Rf8 34. Rg1 dxe3 35. Bxe3 Nf3+ 36. Bxf3
exf3 37. Qxf3 Bxe3 38. fxe3 Ne4 39. Nxe4 Rxf3 40. Rxg7 Kxg7
41. Rd7+ Rf7 0-1

[Event "Hastings Chess Congress"]
[Site "Hastings ENG"]
[Date "2006.01.01"]
[EventDate "2005.12.28"]
[Round "5"]
[Result "1-0"]
[White "Petr Marusenko"]
[Black "Nigel P Donovan"]
[WhiteElo "2342"]
[BlackElo "2136"]
[PlyCount "61"]

1. d4 Nf6 2. Nf3 e6 3. e3 b6 4. Bd3 Bb7 5. O-O c5 6. b3 Be7
7. Bb2 O-O 8. c4 cxd4 9. exd4 d6 10. Nc3 Nbd7 11. Re1 Re8
12. Qe2 Qc7 13. Rad1 Rad8 14. Qe3 Nf8 15. Ng5 h6 16. Nge4 Nxe4
17. Nxe4 Nd7 18. d5 exd5 19. cxd5 Bxd5 20. Bxg7 Kxg7 21. Ng3
Bg5 22. Qd4+ Kg8 23. Qxd5 Qc5 24. Rxe8+ Rxe8 25. Qxc5 Nxc5
26. Bc4 Rd8 27. Nf5 Ne4 28. h4 Nc3 29. Rd3 Bf6 30. Nxh6+ Kf8
31. Nxf7 1-0

[Event "Hastings Chess Congress"]
[Site "Hastings ENG"]
[Date "2006.01.01"]
[EventDate "2005.12.28"]
[Round "5"]
[Result "0-1"]
[White "G Pafura"]
[Black "Ian D Thompson"]
[WhiteElo "2105"]
[BlackElo "2295"]
[PlyCount "100"]

1. d4 e6 2. Nf3 Nf6 3. Bg5 c5 4. e3 b6 5. c4 Bb7 6. Nc3 Be7
7. Bd3 O-O 8. O-O cxd4 9. exd4 d5 10. Bxf6 Bxf6 11. cxd5 exd5
12. Ne5 Nc6 13. Rc1 g6 14. f4 Rc8 15. Kh1 Bg7 16. Bb5 Nxe5
17. fxe5 a6 18. Be2 f6 19. Bg4 Rc7 20. e6 Qd6 21. Qb3 Rd8
22. Rce1 Re7 23. Bf3 f5 24. g4 fxg4 25. Bxg4 Bxd4 26. Bf3 Be5
27. Rd1 Bxc3 28. Qxc3 Rxe6 29. Bg2 Re5 30. Qd4 Rh5 31. h3 Bc8
32. Rd3 Bf5 33. Qxd5+ Qxd5 34. Rxd5 Rxd5 35. Bxd5+ Kg7 36. Bg2
Bxh3 37. Bxh3 Rxh3+ 38. Kg2 Rd3 39. Rf2 a5 40. Rc2 h5 41. Kf1
Rd6 42. Kf2 Kf6 43. a3 Ke5 44. Ke3 g5 45. Rc8 Kf5 46. b4 axb4
47. axb4 h4 48. Rc7 h3 49. Rh7 Kg4 50. Ke4 Kg3 0-1

[Event "Hastings Chess Congress"]
[Site "Hastings ENG"]
[Date "2006.01.01"]
[EventDate "2005.12.28"]
[Round "5"]
[Result "0-1"]
[White "Jessie Gilbert"]
[Black "Gurpreet Pal Singh"]
[WhiteElo "2148"]
[BlackElo "2286"]
[PlyCount "72"]

1. d4 c5 2. d5 g6 3. c4 Bg7 4. e4 d6 5. Nc3 Nf6 6. f3 Na6
7. Bg5 Nc7 8. Qd2 a6 9. a4 Rb8 10. Bd3 O-O 11. Nge2 Bd7 12. a5
b5 13. axb6 Rxb6 14. O-O Qb8 15. Nd1 e6 16. e5 dxe5 17. Be3
Rc8 18. Bxc5 Rb7 19. dxe6 Nxe6 20. Be3 Qd6 21. Nc1 e4 22. Be2
Qxd2 23. Bxd2 Nd4 24. Rxa6 Nxe2+ 25. Nxe2 Be6 26. Re1 Bxc4
27. Ra5 Rd7 28. Bc3 Bxe2 29. Rxe2 Rxd1+ 30. Kf2 exf3 31. gxf3
Nd5 32. Bxg7 Kxg7 33. Ra4 Rcc1 34. Kg3 Rg1+ 35. Kh3 g5 36. Rg2
Nf4+ 0-1

[Event "Hastings Chess Congress"]
[Site "Hastings ENG"]
[Date "2006.01.01"]
[EventDate "2005.12.28"]
[Round "5"]
[Result "1/2-1/2"]
[White "Dimitar Karapchanski"]
[Black "Sarah N Hegarty"]
[WhiteElo "2270"]
[BlackElo "1892"]
[PlyCount "76"]

1. c4 Nf6 2. Nc3 d5 3. cxd5 Nxd5 4. g3 g6 5. Bg2 Nxc3 6. bxc3
Bg7 7. Rb1 Nd7 8. Nf3 c5 9. O-O O-O 10. d4 Qa5 11. Qc2 Nf6
12. e4 cxd4 13. cxd4 b6 14. Bd2 Qh5 15. Qd3 Bg4 16. Bb4 Rfe8
17. Rfc1 Nd7 18. Ba3 Rad8 19. Rb3 Ne5 20. Nxe5 Bxe5 21. d5 f5
22. f3 Bh3 23. Bxh3 Qxh3 24. f4 fxe4 25. Qxe4 Bf6 26. Rd3 Rc8
27. Rc6 Qd7 28. Qc4 Kg7 29. Rd2 Rxc6 30. Qxc6 Rd8 31. Qxd7
Rxd7 32. Kf2 Kf7 33. Ke3 Rc7 34. Bb2 Rc5 35. Be5 Bxe5 36. fxe5
e6 37. Rf2+ Ke8 38. Rf6 exd5 1/2-1/2